<?xml version="1.0" encoding="UTF-8"?>
<record
    xmlns:xsi="http://www.w3.org/2001/XMLSchema-instance"
    xsi:schemaLocation="http://www.loc.gov/MARC21/slim http://www.loc.gov/standards/marcxml/schema/MARC21slim.xsd"
    xmlns="http://www.loc.gov/MARC21/slim">

  <leader>02041nam a2200289Ia 4500</leader>
  <controlfield tag="001">E9685</controlfield>
  <controlfield tag="003">IT-RoPAU</controlfield>
  <controlfield tag="008">130308s9999    xx            000 0 und d</controlfield>
  <datafield tag="040" ind1=" " ind2=" ">
    <subfield code="a">IT-RoPAU</subfield>
  </datafield>
  <datafield tag="040" ind1=" " ind2=" ">
    <subfield code="c">IT-RoPAU</subfield>
  </datafield>
  <datafield tag="041" ind1=" " ind2=" ">
    <subfield code="a">ITALIANO</subfield>
  </datafield>
  <datafield tag="100" ind1=" " ind2=" ">
    <subfield code="a">D'Agostini Franca</subfield>
  </datafield>
  <datafield tag="100" ind1=" " ind2=" ">
    <subfield code="g">Codice Aut. SPICS: 46822</subfield>
  </datafield>
  <datafield tag="245" ind1=" " ind2=" ">
    <subfield code="a">Filosofia analitica: analizzare, tradurre, Interpretare</subfield>
  </datafield>
  <datafield tag="245" ind1=" " ind2=" ">
    <subfield code="b">Filosofia Analitica: Analizzare, Tradurre, Interpretare</subfield>
  </datafield>
  <datafield tag="250" ind1=" " ind2=" ">
    <subfield code="a">1a ed.</subfield>
  </datafield>
  <datafield tag="260" ind1=" " ind2=" ">
    <subfield code="a">TORINO</subfield>
  </datafield>
  <datafield tag="260" ind1=" " ind2=" ">
    <subfield code="b">Paravia</subfield>
  </datafield>
  <datafield tag="260" ind1=" " ind2=" ">
    <subfield code="c">1997 [1&#xB0; Ed.:1997 - Ed.Ling.Originale:1997]</subfield>
  </datafield>
  <datafield tag="300" ind1=" " ind2=" ">
    <subfield code="a">"216 p. (prefazione: no ; testo: 216)"</subfield>
  </datafield>
  <datafield tag="500" ind1=" " ind2=" ">
    <subfield code="a">Nei Testi Antologici Qui raccolti e nell'Introduzione Vengono Ricostruite Alcune fasi Cruciali del Dibattito interno al Movimento Analitico Dai Primianni del Secolo a Oggi: Rapporto tra Linguaggio e pensiero , ruolo dell'Unoe dell'altro nel Lavoro della Filosofia. Introduzione: Filosofia Linguistica, Nuova Logica, Teoria Logica tra Frege e Russell, Linguaggio in Filosofia, Tugendhat, Dummett, Rorty, Filosofia Scientifica, Questione di Stile, Dalla Traduzione All'Interpretazione, pensiero  e Linguaggio, breve Storia della Filosofia Analitica. Antologia: Origini: Note e Testi Di: Gottlob Frege,Bertrand Russell, George E. Moore, Ludwig Wittgenstein, Neopositivismo di Schlick e Carnap. Scuola Inglese: Secondo Wittgenstein, Filosofia di Oxforde Cambridge, Atti Linguistici in Austin e Searle. Filosofia Analitica Amricana: Scuola Americana con Quine e Davidson, Due Linguaggi e Due Analisi Dirorty. Autocomprensione della Filosofia Analitica: Riaffermazione dell'Analisi con Dummett e Tugendhat, Rorty e la Crisi della Filosofia Analitica, Analitici e Continentali e Plualismo in Filosofia con Mulligan e Rescher, Disputa Filosofica con Davidson Dummett e Rorty. Svolta Cognitiva: pensiero  Emente, riscoperta della Mente con Dennett, Fodor e Putnam. Bibliografia.</subfield>
  </datafield>
  <datafield tag="650" ind1=" " ind2=" ">
    <subfield code="a">EPISTEMOLOGIA</subfield>
  </datafield>
  <datafield tag="650" ind1=" " ind2=" ">
    <subfield code="e">Codice materia Spics: 3051</subfield>
  </datafield>
  <datafield tag="942" ind1=" " ind2=" ">
    <subfield code="c">BK</subfield>
  </datafield>
  <datafield tag="957" ind1=" " ind2=" ">
    <subfield code="7">1</subfield>
  </datafield>
  <datafield tag="999" ind1=" " ind2=" ">
    <subfield code="c">87597</subfield>
    <subfield code="d">87597</subfield>
  </datafield>
  <datafield tag="999" ind1=" " ind2=" ">
    <subfield code="g">1</subfield>
  </datafield>
  <datafield tag="952" ind1=" " ind2=" ">
    <subfield code="0">0</subfield>
    <subfield code="1">0</subfield>
    <subfield code="4">0</subfield>
    <subfield code="6">E_000000000000000_9685</subfield>
    <subfield code="7">1</subfield>
    <subfield code="a">SPICS</subfield>
    <subfield code="b">SPICS</subfield>
    <subfield code="d">2013-03-08</subfield>
    <subfield code="l">0</subfield>
    <subfield code="o">E9685</subfield>
    <subfield code="r">2013-03-08 00:00:00</subfield>
    <subfield code="w">2013-03-08</subfield>
    <subfield code="y">BK</subfield>
    <subfield code="z">Progressivo inserimento:  1161 /  N. Volumi: 1 Copie: 1  / data import: 1 marzo 2013 - By Epidotti, Trombetti, Vaglietti. </subfield>
  </datafield>
</record>
